000 00549nam a2200193 a 4500
001 000025324
003 AM-YEHGA
005 20250618070856.0
008 980623s1985 ai |||||||||||||||||arm|d
040 _aAM-YeHGA
041 0 _aarm
100 1 _aՄարգարյան, Մարո Եղիշեի,
_d1915-1999
_91513
245 1 0 _aՀատընտիր /
_cՄ. Մարգարյան.
260 _aԵրևան :
_bՍովետական գրող ,
_c1985.
300 _a544 էջ
650 1 4 _aՀայ գրականություն
942 _2udc
_cBK
090 _c10493
999 _c10418
_d10418